LEADER 01192nam a2200277 i 4500 001 000000139158 003 CaOOAMICUS 005 20061115000000.0 008 061115s1964 it u000 u ita u 013 $a113162 040 $aSeMil$bita 100 1 $aKüng, Hans,$d<1928-2021>.$0(OLS)http://semarc/name/175 240 10$aDamit die Welt glaubt.$0(OLS)http://semarc/title/203395 245 10$aPerché il mondo creda :$blettere ad un giovane /$cHans Küng ; traduzione di Nino Conterno. 260 $aTorino :$bBorla,$c1964. 300 $a124 p. ;$c21 cm. 490 0 $aNuova cristianità ;$v11 600 14$aKüng, Hans <1928-2021>.$0(OLS)http://semarc/subject/9185 650 4$aCattolici e Protestanti - Sec. 20.$0(OLS)http://semarc/subject/9291 700 1 $aConterno, Nino.$0(OLS)http://semarc/name/56241 830 0$aNuova cristianità ;$v11.$0(OLS)http://semarc/title/6390 850 $aSeMil 852 $aSeMil$W1$xVenegono$y1$m2D II 331$j92596$B92596$CSeMilBibl$Z2$F117408 $81 961 $aRecupero: Altro 996 $6245$aPerché il mondo creda :$blettere ad un giovane$9(OLS)http://semarc/title/408536 996 $6260$aTorino :$bBorla$9(OLS)http://semarc/publisher/29913 LEADER 01040nam a2200253 i 4500 001 000000174038 003 CaOOAMICUS 005 20081001000000.0 008 081001s1969 it u000 u ita u 013 $a151495 040 $aSeMil$bita 100 1 $aRamsey, Arthur Michael .$0(OLS)http://semarc/name/24518 240 14$aThe resurrection of Christ.$0(OLS)http://semarc/title/249432 245 13$aLa risurrezione di Dio :$bsaggio di teologia biblica /$cA. M. Ramsey. 260 $aTorino :$bMarietti,$cstampa 1969. 300 $a155 p. ;$c20 cm. 490 0 $aIl dialogo 650 4$aGesù Cristo - Risurrezione.$0(OLS)http://semarc/subject/5599 830 3$aIl dialogo.$0(OLS)http://semarc/title/11275 850 $aSeMil 852 $aSeMil$W1$xVenegono$y1$m2K I 41$j124883$B124883$CSeMilBibl$Z2$F136557 $81 961 $aOmaggio: Altro 996 $6245$aLa risurrezione di Dio :$bsaggio di teologia biblica$9(OLS)http://semarc/title/249431 996 $6260$aTorino :$bMarietti$9(OLS)http://semarc/publisher/29916